000 01510nam a2200181Ia 4500
008 180910s9999 xx 000 0 und d
100 1 _aTabbarah, Riad
245 1 4 _aThe Educational System in Lebanon 2000
260 _aBeirut
_bCenter for Development studies and projects (MADMA)
_c2000
300 _a44 pages
500 _aالنوع : Book
520 3 _aهو تقرير تقييمي يعتمد في معلوماته على التقارير الوطنية التي وضعتها كل دولة حول الموضوع، يعتمد على المعطيات الإحصائية المتاحة لدى الأونيسكو، كما يعتمد على مجموعة من التقارير الفردية التي وضعها عدد من الخبراء. وقد أعد النسخة النهائية منه باللغتين العربية والإنكليزية. عدنان الأمين مستشار المكتب الإقليمي لليونسكو. يتضمن التقرير ملحقاً يضم مجموعة من الجداول، يتناول كل جدول مؤشراً من مؤشرات التعليم للجميع (18 مؤشراً) وملحقاً ثانياً حول الجداول الإجمالية وملحقاً ثالثاً حول تطور أعداد الملحقين بالتعليم في مجموع الدول العربية خلال التسعينات
650 4 _aEducational policy
650 4 _aPolitique éducative
650 4 _aالسياسة التربوية
856 _zBiblio LAES
942 _cLAESDATA
999 _c20767
_d20767